000 00566nam a2200193 i 4500
001 111033
003 ES-MaACL
005 20230906185227.0
007 t|
008 061121s1916 fr r ||||1| fre d
100 1 _aNadaud, Marcel.
_984820
245 1 0 _aEn plein vol
_b: souvenirs de guerre aérienne /
_cMarcel Nadaud.
260 _aParis :
_bHachette et Cie,
_c1916.
300 _a208 p. ;
_c12 cm.
490 1 _aMémoires et récits de guerre
830 0 _aMémoires et récits de guerre
_9233044
852 _aES-MaACL
_jG-3271
999 _c111033
_d111033